| 000 | 00942nam a2200301 a 4500 | ||
|---|---|---|---|
| 001 | 000108435 | ||
| 003 | CHAP | ||
| 005 | 20220929221346.0 | ||
| 008 | 140212s2013 mx a |r| |||||||spa d | ||
| 010 | _a104897 | ||
| 011 | _a105869 | ||
| 020 | _a9786077682288 | ||
| 040 | _cCHAP | ||
| 082 | 0 | 4 |
_a636.0894 _bS49 |
| 110 | 2 |
_aServicio Nacional de Sanidad, Inocuidad y Calidad Agroalimentaria _9125420 |
|
| 245 | 1 | 0 |
_aMás de un siglo de sanidad agroalimentaria en México / _cpor Servicio Nacional de Sanidad, Inocuidad y Calidad Agroalimentaria. |
| 260 |
_aMéxico, D.F. : _bSENASICA, _c2013. |
||
| 300 |
_a[144 p.] : _bil. |
||
| 590 |
_aE6096MTM _b05 _c20140212 |
||
| 650 | 1 | 4 |
_aAgricultura _zMéxico. _91932 |
| 650 | 1 | 4 |
_aAlimentos _xHigiene. _94224 |
| 650 | 1 | 4 |
_aGanado _xMéxico. _944935 |
| 650 | 1 | 4 |
_aInocuidad alimentaria. _958836 |
| 650 | 1 | 4 |
_aSanidad animal. _9102221 |
| 901 | _aBK | ||
| 942 |
_cLIBRO _2ddc |
||
| 942 |
_n0 _2ddc |
||
| 999 |
_c104897 _d104897 |
||